000 00744nam a2200265Ia 4500
005 20260302114141.0
008 008 260114s9999 xx 000 0 eng d
020 _a9781350155053
037 _aTextbook
040 _aCRL
040 _beng
040 _cCRL
041 _2eng
041 _aeng
084 _qCRL
100 _aSteven Burik, Robert Smid and Ralph Weber
_91117905
245 0 _aComparative Philosophy and Method Contemporary Practices and Future Possibilities
260 _bBloomsbury
260 _bBloomsbury Academic
260 _c2022
650 _aPhilosophy
856 _uhttps://doi.org/10.5040/9781350155053?locatt=label:secondary_bloomsburyCollections
942 _cEBOOK
999 _c1681520
_d1681520